Państwa najbliżej Litwy A-Z - Statystyki

Ogólne statystyki
  • Ten quiz został rozwiązany 236 razy
    235 od ostatniego zresetowania
  • Średni wynik to 21 z 24
Statystyki odpowiedzi
Litera Państwo % Poprawnych
E Estonia
98%
F Finlandia
98%
Ł Łotwa
98%
P Polska
97%
R Rosja
97%
B Białoruś
96%
C Czechy
96%
D Dania
96%
S Szwecja
96%
U Ukraina
91%
O Oman
90%
G Grecja
89%
T Turcja
89%
H Holandia
88%
N Niemcy
88%
M Mołdawia
87%
A Austria
86%
I Irlandia
85%
V Vanuatu
85%
L Luksemburg
82%
J Jordania
79%
W Węgry
78%
K Kosowo
76%
Z Zjednoczone Emiraty Arabskie
75%
Nie znaleziono quizów pasujących do podanych kryteriów
Rozkład punktacji
Procent ludzi z każdym wynikiem
Percentyl według liczby udzielonych odpowiedzi
Twoja historia wyników
Nie rozwiązałeś tego quizu od ostatniego zresetowania